000 00491nam a22001697a 4500
005 20240702112650.0
008 240702b |||||||| |||| 00| 0 eng d
020 _a97831217122
082 _a614.19
_bAGG-S
100 _aAggarwal Gaurav
245 _aSmart Study Series Forensic Medicine & Toxicology /
_cAggarwal Gaurav
260 _aIndia :
_bElsevier ;
_c2009
300 _aviii,364p.
_bill;
_c21.5
500 _aInclude index.
650 _aMedical / Forensic Medicine
999 _c36015
_d36015